01465cam a22003857a 4500003000500000005001700005008004100022010001000063011001000073020001500083035001000098040000900108082001400117100002900131245011700160260005300277300004400330590004100374590004100415590004100456590004100497590004100538590004200579650003900621650004900660650002600709700003100735700003200766901000700798905002400805942001000829949008100839999001700920952014200937CHAP20220329142401.0001023d1999 mx a r 00110 esp d a82700 a83672 a9687529415 a94187 cCHAP04a311bA54Y00aAnderson, David R.9556710aEstadística para administración y economíac/por David R. Anderson, Dennis J. Sweeney y Thomas A. Williams aMéxico, D.F. :bInternational Thomsoncc.1999. a909 p. :bilus. ; gráfs. + apéndice aBATCH-UPDb10c20130110lUCH01h0055 aBATCH-UPDb10c20130110lUCH01h0822 aBATCH-UPDb10c20130409lUCH01h2044 aBATCH-UPDb10c20130410lUCH01h0500 aBATCH-UPDb10c20130913lUCH01h1947 aCONVERSIONb10c20130109lUCH01h134614aAdministración de empresas.992214aEconomíaxMétodos estadísticos.93525214aEstadística.9382410 aSweeney, Dennis J.91108800 aWilliams, Thomas A.9122107 aBK aPatricia Mendoza P. cLIBRO a311 A54YbBCcLIBROd33724000805362eLIBROg207368h98950i94187sit$238.50 c82700d82700 00102ddc4052708GRALaBCbBCcPA_GRALd2019-12-31e207368fLIBROl0o311 A54Yp33724000805362r2019-12-31 00:00:00w2019-12-31yLIBRO